000 00311nam a22001337a 4500
008 181019b xxu||||| |||| 00| 0 eng d
020 _a0471082201
041 _aeng
080 _a370
100 _a48
101 _aedu
245 _aLanguage Development And Language Disorders
_cBloom.L
942 _2udc
_cBK
999 _c50236
_d50236